Marcatori della Lazio in UEFA Europa League 2018-2019 - Statistics

Statistiche generali
  • Questo quiz è stato fatto 9 volte
  • Il punteggio medio è 7 su 9
Statistiche sulle risposte
Partita Minuto Marcatore % Corretto
Lazio - Apollōn Limassol 2-1 84' Ciro Immobile
100%
Olympique Marsiglia - Lazio 1-3 59' Felipe Caicedo
100%
Lazio - Apollōn Limassol 2-1 14' Luis Alberto
100%
Olympique Marsiglia - Lazio 1-3 90' Adam Marušić
86%
Lazio - Olympique Marsiglia 2-1 55' Joaquín Correa
71%
Lazio - Eintracht Francoforte 1-2 56' Joaquín Correa
71%
Eintracht Francoforte - Lazio 4-1 23' Marco Parolo
57%
Lazio - Olympique Marsiglia 2-1 46' Marco Parolo
57%
Olympique Marsiglia - Lazio 1-3 10' Wallace
57%
Nessun quiz corrispondente trovato
Distribuzione punteggi
Percentuale di utenti per punteggio
Percentile per numero di risposta
I tuoi punteggi nel tempo
Non hai fatto questo quiz